Santa Coloma de Gramenet : informe anual : liquidació 2007 / Servei d'Informació Econòmica Municipal informe anual :
Publicado:
Barcelona :
Diputació de Barcelona. Àrea d'Hisenda i Recursos Interns. Servei de Programació ,
2007
Descripción Física:
80 p. : gràf., taules ; 29 cm
Materias:
Santa Coloma de Gramenet -- Pressupostos
MARC
| LEADER | 00000nam a2200000Ia 4500 | ||
|---|---|---|---|
| 001 | 21147 | ||
| 008 | 160829s2007 xx 000 0 cat d | ||
| 080 | |a M-6-133 | ||
| 110 | 1 | |a Barcelona (Catalunya : Província). |b Servei d'Informació Econòmica Municipal |9 52724 | |
| 245 | |a Santa Coloma de Gramenet : |b informe anual : |b liquidació 2007 / Servei d'Informació Econòmica Municipal | ||
| 260 | |a Barcelona : |b Diputació de Barcelona. Àrea d'Hisenda i Recursos Interns. Servei de Programació, |c 2007 | ||
| 300 | |a 80 p. : |b gràf., taules ; |c 29 cm | ||
| 650 | |a Santa Coloma de Gramenet |x Pressupostos |9 43129 | ||
| 710 | |a Barcelona (Catalunya : Província). |b Servei de Programació |9 53631 | ||
| 901 | |a Arxiu | ||
| 942 | |n 1 | ||
| 952 | |0 0 |1 0 |4 0 |6 M6133 |7 1 |9 51221 |a Arxiu |b Arxiu |d 2016-12-01 |l 0 |o M-6-133 |p 21147 |r 2016-12-01 00:00:00 |w 2016-12-01 |y ARXIU | ||
| 999 | |c 55064 |d 55064 | ||